000 00531cam a2200193ua 4500
001 459
008 110406n ii |||gr||||Z||||||eng
020 _a81-7099-032-7
040 _cMAIN
082 _a320.03
245 1 _aDictionary of modern politics and political sociology
_cby B.P. Singh
250 _a1st.
260 _aDelhi:
_bMittal,987.
300 _axxxii, 346p:
_c25cm.
653 _aPolitical science
653 _aDictionary of modern politics and political sociology
700 _aSingh, B.P.,
_eAuthor.
942 _cBK
999 _c402
_d402